Culture générale / Niveau Expert n°3 - Statistiques

Statistiques générales
  • Ce quiz a été pris 5 fois
  • Le résultat moyen est 5 sur 15
Statistiques - réponses
Hint Réponse % Correct
Quelle Première ministre britannique était surnommée « la Dame de fer » ? Margaret Thatcher
100%
Quel modèle de kalachnikov est présent sur le drapeau du Mozambique ? AK-47
75%
Quel fromage italien à pâte persillée, plus doux que le roquefort, est traditionnellement élaboré en Lombardie ? Gorgonzola
75%
Quel terme désigne la partie d’une épée située entre la lame et la poignée ? Garde
50%
Comment appelle-t-on, en audiovisuel, le processus consistant à ajuster les couleurs, contrastes et ambiances d’une image en post-production ? Étalonnage
25%
Quel nom Gustave Flaubert donnait-il à la pièce où il déclamait ses textes à voix haute pour en tester le rythme et la sonorité ? Gueuloir
25%
Quelle est la capitale des Îles Salomon ? Honiara
25%
Quel nageur français, dont le père sauta dans la piscine après sa victoire aux JO d'été de 1952, remporta l’or sur 400 mètres nage libre ? Jean Boiteux
25%
Quel roman de Thomas Mann retrace le déclin d’une riche famille de négociants allemands sur plusieurs générations ? Les Buddenbrook
25%
Surnommé le « Baron rouge », quel pilote allemand de la Première Guerre mondiale remporta officiellement 80 victoires aériennes ? Manfred von Richthofen
25%
Quel élément cartonné, placé entre l’image et le cadre, sert à créer une marge décorative autour d’une œuvre ? Passe-partout
25%
Quel mot désigne la fine couche de poussière ou de duvet présente à la surface de certains fruits comme la prune ou le raisin ? Pruine
25%
En hydrologie, comment appelle-t-on le point où une rivière réapparaît à l’air libre après avoir disparu sous terre dans une perte ? Résurgence
25%
Quel nom portait la police politique secrète de l’Empire russe à la fin du XIXème siècle et au début du XXème ? Okhrana
0%
Quel physicien allemand reçut le Prix Nobel de physique en 2001, pour ses travaux sur les condensats de Bose-Einstein ? Wolfgang Ketterle
0%
Aucun quiz correspondant
Distribution des résultats
% des personnes avec chaque résultat
Percentile par nombre de réponses
Votre historique - résultats
Vous n’avez pas pris ce quiz